Les recrues les plus chères de Manchester United - Statistiques

Statistiques générales
  • Ce quiz a été pris 611 fois
  • Le résultat moyen est 7 sur 10
Statistiques - réponses
Classement Année Provenance Joueurs Montant % Correct
1 2016 Juventus Turin Paul Pogba 105 M€
100%
2 2019 Leicester City Harry Maguire 93 M€
94%
5 2015 AS Monaco Anthony Martial 60 M€
86%
4 2014 Real Madrid Ángel Di María 75 M€
79%
6 2018 Chakhtar Donetsk Fred 59 M€
76%
3 2017 Everton FC Romelu Lukaku 85 M€
74%
7 2019 Crystal Palace Aaron Wan-Bissaka 55 M€
70%
9 2014 Chelsea FC Juan Mata 44,7 M€
66%
8 2002 Leeds United Rio Ferdinand 46 M€
55%
10 2001 Lazio Rome Juan Sebastián Verón 42,7 M€
33%
Aucun quiz correspondant
Distribution des résultats
% des personnes avec chaque résultat
Percentile par nombre de réponses
Votre historique - résultats
Vous n’avez pas pris ce quiz